LIBRARY & INFORMATION CENTRE, KCAET, TAVANUR

ONLINE PUBLIC ACCESS CATALOGUE (OPAC)

Linear programming / (Record no. 9881)

MARC details
000 -LEADER
fixed length control field 00428cam a2200181ua 4500
041 ## - LANGUAGE CODE
Language code of text/sound track or separate title eng
082 ## - DEWEY DECIMAL CLASSIFICATION NUMBER
Classification number 519.72
Item number GUP/LI
100 ## - MAIN ENTRY--AUTHOR NAME
Personal name Gupta, R.K .
245 ## - TITLE STATEMENT
Title Linear programming /
250 ## - EDITION STATEMENT
Edition statement 5 /
260 ## - PUBLICATION, DISTRIBUTION, ETC. (IMPRINT)
Place of publication Meerut :
Name of publisher Krishna Prakashan Mandir ,
Year of publication 1989.
300 ## - PHYSICAL DESCRIPTION
Number of Pages 432 ; .
942 ## - ADDED ENTRY ELEMENTS (KOHA)
Koha item type Books
Holdings
Withdrawn status Lost status Damaged status Home library Current library Date acquired Full call number Accession Number Koha item type
      KAUAET KAUAET 07/04/2012 519.72 16562 Books
free website counter